| 000 | 00000nam##2200000za#4500 |
| 001 | 9.572463 |
| 003 | CaOODSP |
| 005 | 20220111083101 |
| 007 | cr ||||||||||| |
| 008 | 150406|1994||||xxc|||||o f|0| 0 eng|d |
| 022 | |a1928-6414 |
| 040 | |aCaOODSP|beng |
| 043 | |an-cn--- |
| 086 | 1 |aNE22-1/1994-9E-PDF |
| 110 | 1 |aCanada. |bNational Energy Board. |
| 245 | 10|aReasons for decision in the matter of Hydro-Québec : |h[electronic resource]|bapplication dated 24 May 1994 for a permit to export firm and interruptible electricity |
| 246 | 1 |iVariant title : |aHydro-Québec |
| 260 | |aCalgary - Alberta : |bNational Energy Board |cDecember 1994. |
| 300 | |a59p. |
| 490 | 1 |aReasons for decision|x1928-6414 |
| 500 | |aImperfect copy: Figure A1-1 missing. The catalogue number (NE22-1/1994-8E) and ISBN (0-662-22728-X) for the print edition have been incorrectly copied in this electronic publication. |
| 590 | |a12-07-Supp|b2012-03-09 |
| 775 | 08|tMotifs de décision, Hydro-Québec : |w(CaOODSP)9.602812 |
| 776 | 0#|tHydro-Québec : |w(CaOODSP)9.611650 |
| 830 | #0|aReasons for decision (Canada. National Energy Board)|x1928-6414|w(CaOODSP)9.504480 |
| 856 | 40|ahttp://publications.gc.ca|qPDF|s157 KB|uhttps://publications.gc.ca/collections/Collection/NE22-1-1994-9E.pdf |